| 000 | 00948nam a22002417a 4500 | ||
|---|---|---|---|
| 999 |
_c63843 _d63843 |
||
| 005 | 20240530110701.0 | ||
| 008 | 171225s2015 ua a f b 000 0dara d | ||
| 017 |
_a2015/2502 _bمصر. دار الكتب |
||
| 020 | _a9789777650255 | ||
| 040 |
_aEG-CaGPL _cEG-CaGPL |
||
| 082 | 0 | 4 |
_221 _a300.1\ _bل ع |
| 100 | 1 | _aلايير ، برنار | |
| 245 | 1 | 0 |
_aعالم متعدد الابعاد : _bتأملات فى وحدة العلوم الاجتماعية / _cتأليف برنار لايير ؛ ترجمة بشير السباعى . |
| 250 | _aط.1 | ||
| 260 |
_aالقاهرة : _bالمركز القومى للترجمة ، _c2015 . |
||
| 300 |
_a343 ص. ؛ _c24 سم. |
||
| 490 |
_aالمركز القومى للترجمة ؛ _v2712 |
||
| 650 | 0 | 7 |
_2qrmak _aالعلوم الاجتماعية |
| 651 | _2qrmak | ||
| 700 | 0 |
_aبشير السباعى _eمترجم |
|
| 942 |
_2ddc _cBK |
||